Můj příšerný syn /
Uloženo v:
| Hlavní autor: | |
|---|---|
| Další autoři: | |
| Médium: | E-audiokniha |
| Jazyk: | Czech |
| Vydáno: |
Praha :
Voxi,
2026
|
| Témata: | |
| Tagy: |
Žádné tagy |
| LEADER | 05124nim a2201225 i 4500 | ||
|---|---|---|---|
| 001 | 313527 | ||
| 003 | CZ PrSKC | ||
| 005 | 20260601215744.0 | ||
| 007 | sd fungnnmmned | ||
| 008 | 260318s2026 xr nnnng ha n cze | ||
| 015 | |a cnb003746264 | ||
| 020 | |a 9788074486326 : |c Kč 349,00 | ||
| 040 | |a ABA001 |b cze |e rda | ||
| 043 | |a e-xr--- | ||
| 045 | |a x-y- | ||
| 072 | 7 | |a 821.162.3-3 |x Česká próza |2 Konspekt | |
| 072 | 7 | |a 929 |x Biografie |2 Konspekt | |
| 080 | |a 821.162.3-32 |2 MRF | ||
| 080 | |a 791/792.071.2-055.2 |2 MRF | ||
| 080 | |a 173.5/.7 |2 MRF | ||
| 080 | |a 821.162.3-055.2 |2 MRF | ||
| 080 | |a 929 |2 MRF | ||
| 080 | |a (437.3) |2 MRF | ||
| 080 | |a (0:82-321.5) |2 MRF | ||
| 080 | |a (0:82-94) |2 MRF | ||
| 080 | |a (086.7)08 |2 MRF | ||
| 080 | |a (086.76) |2 MRF | ||
| 100 | 1 | |a Devátá, Ivanka, |d 1935- |7 jn19990209138 |4 aut | |
| 245 | 1 | 0 | |a Můj příšerný syn / |c Ivanka Devátá |
| 264 | 1 | |a Praha : |b Voxi, |c 2026 | |
| 300 | |a 1 audiodisk (4 hod., 30 min.) ; |c 12 cm | ||
| 306 | |a 043000 | ||
| 336 | |a mluvené slovo |b spw |2 rdacontent | ||
| 337 | |a audio |b s |2 rdamedia | ||
| 338 | |a audiodisk |b sd |2 rdacarrier | ||
| 344 | |a digital |2 rdatr | ||
| 344 | |b optical |2 rdarm | ||
| 347 | |a audio soubor |2 rdaft | ||
| 347 | |b MP3 | ||
| 500 | |a Název z disku | ||
| 500 | |a Vydalo nakladatelství VOXI ve společnosti Albatros Media a.s. | ||
| 500 | |a Podle stejnojmenné knihy vydané nakladatelstvím Motto v roce 2022 | ||
| 500 | |a Nezkrácená audiokniha ve formátu MP3 | ||
| 511 | 0 | |a Čte Pavla Tomicová | |
| 600 | 1 | 7 | |a Devátá, Ivanka, |d 1935- |7 jn19990209138 |2 czenas |
| 650 | 0 | 7 | |a herečky |7 ph120685 |z Česko |y 20.-21. století |2 czenas |
| 650 | 0 | 7 | |a herečky |7 ph120685 |x partnerské a rodinné vztahy |2 czenas |
| 650 | 0 | 7 | |a české spisovatelky |7 ph128153 |y 20.-21. století |2 czenas |
| 650 | 0 | 7 | |a české spisovatelky |7 ph128153 |x partnerské a rodinné vztahy |2 czenas |
| 650 | 0 | 7 | |a matky a synové |7 ph122687 |2 czenas |
| 650 | 0 | 9 | |a actresses |z Czechia |y 20th-21st centuries |2 eczenas |
| 650 | 0 | 9 | |a actresses |x partner and family relationships |2 eczenas |
| 650 | 0 | 9 | |a Czech women authors |y 20th-21st centuries |2 eczenas |
| 650 | 0 | 9 | |a Czech women authors |x partner and family relationships |2 eczenas |
| 650 | 0 | 9 | |a mothers and sons |2 eczenas |
| 655 | 7 | |a české příběhy |7 fd133973 |2 czenas | |
| 655 | 7 | |a humoristické příběhy |7 fd132430 |2 czenas | |
| 655 | 7 | |a autobiografické vzpomínky |7 fd131854 |2 czenas | |
| 655 | 7 | |a audioknihy |7 fd119452 |2 czenas | |
| 655 | 7 | |a kompaktní disky |7 fd201991 |2 czenas | |
| 655 | 9 | |a Czech stories |2 eczenas | |
| 655 | 9 | |a humorous stories |2 eczenas | |
| 655 | 9 | |a autobiographical reminiscences |2 eczenas | |
| 655 | 9 | |a audiobooks |2 eczenas | |
| 655 | 9 | |a compact discs |2 eczenas | |
| 700 | 1 | |a Tomicová, Pavla, |d 1962- |7 js20060428010 |4 stl | |
| 710 | 2 | |a Voxi (nakladatelství) |7 xx0342088 |4 pbl | |
| 900 | |a ABA001 |b 19 | ||
| 044 | |a xr | ||
| 505 | 0 | 0 | |t 1. Uvodem (3 min., 37 sek.) |
| 505 | 0 | 0 | |t 2. Mam dva syny (8 min., 33 sek.) |
| 505 | 0 | 0 | |t 3. Adam trpel (13 min., 52 sek.) |
| 505 | 0 | 0 | |t 4. Adam rostl (12 min., 13 sek.) |
| 505 | 0 | 0 | |t 5. Adam zdedil po otci (3 min., 24 sek.) |
| 505 | 0 | 0 | |t 6. Pobyty na chalupe (3 min., 24 sek.) |
| 505 | 0 | 0 | |t 7. Adam na uceni nebyl (12 min., 29 sek.) |
| 505 | 0 | 0 | |t 8. Adam mezitim usoudil (6 min., 55 sek.) |
| 505 | 0 | 0 | |t 9. Adam se zakoukal (4 min., 6 sek.) |
| 505 | 0 | 0 | |t 10. Moji synove spolu nekomunikuji (7 min., 44 sek.) |
| 505 | 0 | 0 | |t 11. Mam ho rada (7 min., 6 sek.) |
| 505 | 0 | 0 | |t 12. Jsme stale v kontaktu (4 min., 42 sek.) |
| 505 | 0 | 0 | |t 13. Adam otce miloval (6 min., 13 sek.) |
| 505 | 0 | 0 | |t 14. Ja si s nimi hrala (3 min., 37 sek.) |
| 505 | 0 | 0 | |t 15. Chlapci si s nami uzili (6 min., 7 sek.) |
| 505 | 0 | 0 | |t 16. Adam byl stale pripraven (5 min., 18 sek.) |
| 505 | 0 | 0 | |t 17. Adam stale dobre naladeny (10 min., 9 sek.) |
| 505 | 0 | 0 | |t 18. Kdyz synove dorustali (4 min., 13 sek.) |
| 505 | 0 | 0 | |t 19. Spolecne chvile (6 min., 32 sek.) |
| 505 | 0 | 0 | |t 20. Adam vedel ze je tatinek herec (5 min., 10 sek.) |
| 505 | 0 | 0 | |t 21. Kauza panictvi (4 min., 23 sek.) |
| 505 | 0 | 0 | |t 22. Vinklar jako otec (12 min., 20 sek.) |
| 505 | 0 | 0 | |t 23. Po rozvodu (7 min., 27 sek.) |
| 505 | 0 | 0 | |t 24. Trikrat do stejne reky (4 min., 14 sek.) |
| 505 | 0 | 0 | |t 25. Ma laska s Ladou Mrkvickou (12 min., 41 sek.) |
| 505 | 0 | 0 | |t 26. Za nasi druhou svatbu (25 min., 54 sek.) |
| 505 | 0 | 0 | |t 27. Po druhem rozvodu (2 min., 19 sek.) |
| 505 | 0 | 0 | |t 28. Adam me chtel provdat (6 min., 28 sek.) |
| 505 | 0 | 0 | |t 29. Vinklar mi zanechal (4 min., 16 sek.) |
| 505 | 0 | 0 | |t 30. Za moji spisovatelskou karieru (5 min., 44 sek.) |
| 505 | 0 | 0 | |t 31. Otcovy geny (6 min., 4 sek.) |
| 505 | 0 | 0 | |t 32. Jak to vidi Adam (40 min., 4 sek.) |
| 505 | 0 | 0 | |t 33. Moje posledni slovo (1 min., 45 sek.) |
| 910 | |a RBIT002 | ||
| 998 | |d 424529 |a https://core.palmknihy.cz/api/books/424529/cover?t8izvr |b https://core.palmknihy.cz/api/books/424529/cover/400?t8izvr |c https://core.palmknihy.cz/api/books/424529/cover/50?t8izvr |e 2034-12-31 |i 9788074486326 |l 16200 |q 49 |r 1 |s https://www.palmknihy.cz/kniha/424529 |t audiobook |y 2026 |z 0 | ||
| 999 | |d 313525 | ||